Identitásközösség vagy zombi intézmény? tanulmány a nemzet születéséről és végéről

Elmentve itt :
Bibliográfiai részletek
Szerző: Krémer Ferenc
Adatforrás:Philobibl
Dokumentumtípus: Könyv
Nyelv:magyar
Kulcsszavak:nemzettudat
nemzeti eszme
politikai filozófia
Megjelent: Budapest Oriold 2025
LEADER 00454nam a2200145 c 4500
001 bibMOK09418765
005 20251017161004.8
008 250825s2025 hu b 00000 hun d
100 1 |a Krémer Ferenc 
245 1 0 |a Identitásközösség vagy zombi intézmény?  |b tanulmány a nemzet születéséről és végéről  |c Krémer Ferenc 
260 |a Budapest  |b Oriold  |c 2025 
300 |a 298 p. 
695 |a nemzettudat 
695 |a nemzeti eszme 
695 |a politikai filozófia